Statistics for Team America: World Police Song Lyrics

Click here to take the quiz!

General Stats

  • This quiz has been taken 22 times
  • The average score is 14 of 28

Answer Stats

ClueLyric% Correct
biggest chain storeWalmart
100%
fast food chainMcDonald's
95%
sports leagueThe NFL
95%
sportbaseball
90%
Japanese foodsushi
80%
political party (donkey)democrats
75%
political party (elephant)republicans
75%
cowboy entertainmentrodeos
75%
Sin CityLas Vegas
70%
holidayChristmas
65%
cartoon (spinach)Popeye
65%
for small woundsBand-Aids
50%
literaturebooks
50%
cafeStarbucks
50%
.comthe internet
50%
foreign settlersimmigrants
45%
50s musicrock 'n' roll
40%
freedomliberty
35%
fast food chainTaco Bell
35%
clothing store (Step into...)The Gap
35%
bondageslavery
25%
remember...The Alamo
25%
homeware chain storeBed, Bath and Beyond
15%
resortDisney World
15%
fair playsportsmanship
15%
shoe brandReeboks
10%
prescription drugValium
5%
candy (facial feature)Wax Lips
5%

Score Distribution

Percentile by Number Answered

Percent of People with Each Score

Your Score History

You have not taken this quiz